Normal view MARC view

Entry Topical Term

Number of records used in: 1

001 - CONTROL NUMBER

  • control field: 48606

003 - CONTROL NUMBER IDENTIFIER

  • control field: dpl

005 - DATE AND TIME OF LATEST TRANSACTION

  • control field: 20120607120921.0

008 - FIXED-LENGTH DATA ELEMENTS

  • fixed length control field: 120607|||a|||||| | ||| d

040 ## - CATALOGING SOURCE

  • Original cataloging agency: dpl
  • Transcribing agency: dpl

150 ## - HEADING--TOPICAL TERM

  • Topical term or geographic name as entry element: प्राकृतिक चिकित्सा

670 ## - SOURCE DATA FOUND

  • Source citation: Work cat.: (dpl): नागेन्द्र कुमार 'नीरज' 48603, रक्ताल्पता की प्रकृतिक चिकित्सा /, 2005

670 ## - SOURCE DATA FOUND

  • Source citation: Work cat.: (dpl): नागेन्द्र कुमार 'नीरज' 48603, रक्ताल्पता की प्रकृतिक चिकित्सा /, 2005

© Delhi Public Library
Hit Counter
free hit counter